000 00274nam a22001097a 4500
008 231031b |||||||| |||| 00| 0 eng d
100 _aMepherson, Thomus
_96133
245 _aPolitical Obligation
260 _aNew york;
_bRoutledge Pub.;
_c1967;
300 _a86p
942 _cBK
999 _c40329
_d40329